North from Rome / (Record no. 20616)
[ view plain ]
| 000 -LEADER | |
|---|---|
| fixed length control field | 00607nam a2200217 a 4500 |
| 001 - CONTROL NUMBER | |
| control field | 20616 |
| 003 - CONTROL NUMBER IDENTIFIER | |
| rucl marc code | BD-RjUL |
| 005 - DATE AND TIME OF LATEST TRANSACTION | |
| control field | 20211209000605.0 |
| 008 - FIXED-LENGTH DATA ELEMENTS--GENERAL INFORMATION | |
| fixed length control field | 140301r1958enk 000 1 eng d |
| 020 ## - INTERNATIONAL STANDARD BOOK NUMBER | |
| International Standard Book Number | 0006151841 |
| 035 ## - SYSTEM CONTROL NUMBER | |
| System control number | (BD-RjUL)20678 |
| 040 ## - CATALOGING SOURCE | |
| Original cataloging agency | BD-RjUL |
| Language of cataloging | eng |
| Transcribing agency | BD-RjUL |
| Modifying agency | BD-RjUL |
| 041 ## - LANGUAGE CODE | |
| Language code of text/sound track or separate title | eng |
| 082 ## - DEWEY DECIMAL CLASSIFICATION NUMBER | |
| Classification number | 823 |
| Author mark and year | MAN 1958 |
| 100 1# - MAIN ENTRY--PERSONAL NAME | |
| Personal name | MacInnes, Helen, |
| Dates associated with a name | 1907-1985. |
| 9 (RLIN) | 54590 |
| 245 10 - TITLE STATEMENT | |
| Title | North from Rome / |
| Statement of responsibility, etc. | Helen Macinnes |
| 260 ## - PUBLICATION, DISTRIBUTION, ETC. (IMPRINT) | |
| Place of publication, distribution, etc. | [s.l.] : |
| Name of publisher, distributor, etc. | Fontana/Collins, |
| Date of publication, distribution, etc. | 1958. |
| 300 ## - PHYSICAL DESCRIPTION | |
| Pagination | 581 p. : |
| Illustrations | ill. ; |
| Size | 23 cm. |
| 500 ## - GENERAL NOTE | |
| General note | First published by William Collins & Sons 1958 |
| 942 ## - ADDED ENTRY ELEMENTS (KOHA) | |
| Source of classification or shelving scheme | Dewey Decimal Classification |
| Koha item type | Books |
| Lost status | Source of classification or shelving scheme | Damaged status | Not for loan | Collection code | Permanent Location | Current Location | Shelving location | Date acquired | Source of acquisition | Total Checkouts | Full call number | Date last seen | Copy number | Koha item type |
|---|---|---|---|---|---|---|---|---|---|---|---|---|---|---|
| Dewey Decimal Classification | Added to bundle | Fiction | Central Library, University of Rajshahi | Central Library, University of Rajshahi | Reading Room | 22/05/1995 | Asia foundation | 823 MAN 1958 | 01/03/2014 | C-1 | Books |